Online katalóg knižníc regiónu Turca

Chaplin básnik smiechu a sľz / (Record no. 20489)

MARC details
000 -LEADER
fixed length control field 00970nam a22002652 4500
001 - CONTROL NUMBER
control field 20489
003 - CONTROL NUMBER IDENTIFIER
control field CZ PrNK
005 - DATE AND TIME OF LATEST TRANSACTION
control field 20260123104956.0
008 - FIXED-LENGTH DATA ELEMENTS--GENERAL INFORMATION
fixed length control field 960107s1964 xo ||| | slo
020 ## - INTERNATIONAL STANDARD BOOK NUMBER
Qualifying information (Váz.) :
Terms of availability Kčs 18,00
040 ## - CATALOGING SOURCE
Original cataloging agency ABA001
Language of cataloging cze
Transcribing agency ABA001
Modifying agency ABA001
041 1# - LANGUAGE CODE
Language code of text/sound track or separate title slo
Language code of original und
245 00 - TITLE STATEMENT
Title Chaplin básnik smiechu a sľz /
Statement of responsibility, etc. prel. Božena Grečnerová ... [et al.] ; vybrali, zredigovali a doslov napísali Agneša Kalinová a Albert Marenčin ; obr. príl. zostavil Jaroslav Brož
250 ## - EDITION STATEMENT
Edition statement 1. vyd.
260 ## - PUBLICATION, DISTRIBUTION, ETC.
Place of publication, distribution, etc. Bratislava :
Name of publisher, distributor, etc. SVKL,
Date of publication, distribution, etc. 1964
300 ## - PHYSICAL DESCRIPTION
Extent 306 s. :
Other physical details il. ;
Dimensions 17 cm
490 1# - SERIES STATEMENT
Series statement Knižnica estetického vzdelania ;
Volume/sequential designation zv. 16
700 1# - ADDED ENTRY--PERSONAL NAME
Personal name Chaplin, Charlie,
Dates associated with a name 1889-1977
Relationship aut
700 1# - ADDED ENTRY--PERSONAL NAME
Personal name Kalinová, Agneša,
Dates associated with a name 1924-2014
Relationship com
-- aui
-- trl
700 1# - ADDED ENTRY--PERSONAL NAME
Personal name Marenčin, Albert,
Dates associated with a name 1922-2019
Relationship com
-- aui
-- trl
700 1# - ADDED ENTRY--PERSONAL NAME
Personal name Grečnerová, Božena
Relationship trl
830 #0 - SERIES ADDED ENTRY--UNIFORM TITLE
Uniform title Knižnica estetického vzdelania
910 ## - USER-OPTION DATA (OCLC)
User-option data ABA001
942 ## - ADDED ENTRY ELEMENTS (KOHA)
Source of classification or shelving scheme Dewey Decimal Classification
Koha item type Krásna literatúra pre dospelých
Suppress in OPAC No
Holdings
Stav vyradenia Strata Poškodenie Spôsob nadobudnutia Domovská knižnica Aktuálna knižnica Dátum nadobudnutia Total checkouts Čiarový kód exemplára Date last seen Typ exemplára
      Dar Obecná knižnica Horná Štubňa Obecná knižnica Horná Štubňa 23.01.2026   4736200477 23.01.2026 Krásna literatúra pre dospelých
Projekt je podporený Slovenskou asociáciou knižníc
Prevádzkuje Turčianska knižnica Martin 2026